Vista normal
Vista MARC
- Neufeld, Dietmar
Entrada Autor personal
Número de registros utilizados en: 1
001 - NUMERO DE CONTROL
- Campo de control: 708
003 - IDENTIFICADOR DE NUMERO DE CONTROL
- Campo de control: CO-MdFUSB
005 - HORA Y FECHA DE LA ULTIMA TRANSACCIÓN
- Campo de control: 20170130130716.0
008 - CAMPO DE LONGITUD FIJA
- Campo fijo de descripción fija: 170130|| aca||aabn | a|a d
040 ## - AGENCIA DE CATALOGACIÓN ORIGINAL
- Lenguaje de catalogación: spa
- Agencia que hace la transcripción: CO-MdFUSB
100 ## - AUTOR PERSONAL
- Autor personal: Neufeld, Dietmar
370 ## - LUGARES ASOCIADOS
- País asociado: Canada
375 ## - GENERO
- Género: masculino
377 ## - IDIOMA ASOCIADO
- Código del idioma: eng
670 ## - FUENTE EN LA QUE SE LOCALIZARON DATOS
- Fuente: VIAF (Neufeld, Dietmar)
- Fuente de información: Consultado el 30 de enero de 2017
